00558nam a22001931 450000500170000000800410001701000170005802000260007502000260010103500170012703700160014404000180016008200060017810000160018424500360020026000440023627000610028030000230034120050808122104.0721219s1962 nyu 000 0 eng  aB-346928-938 a9780007215300c295.00 a9780007215300c295.00 aB-346928-938 bAakar Books adplbEnglish  aN aLow, Robert aThe whale road /cby Robert Low aLondonbHarper-Collins Publishersc2007 a77-85 Fullham Palace Road , Hammersmithb LondoneW6 8JB a355pc20 cm (pbk)